[Event "45th Sparkassen Open"]
[Site "Dortmund GER"]
[Date "2017.07.21"]
[Round "7.38"]
[White "Dyballa, Gerhard"]
[Black "Seref, Erdogan"]
[Result "1-0"]
[WhiteElo "1957"]
[BlackElo "1835"]
[WhiteFideId "4645189"]
[BlackFideId "16206827"]
[EventDate "2017.07.15"]

1. c4 e6 2. g3 d5 3. Bg2 Nf6 4. Nf3 dxc4 5. Na3 Bxa3 6. bxa3 b5 7. Rb1 a6 8. a4
Bb7 9. Ba3 Nbd7 10. Qc1 Be4 11. Rb2 c6 12. O-O Nb6 13. d3 cxd3 14. exd3 Bd5 15.
axb5 axb5 16. Rc2 Nbd7 17. Nd4 Bxg2 18. Kxg2 Ne5 19. Nxc6 Qd5+ 20. f3 Nxc6 21.
Rxc6 Qxa2+ 22. Bb2 O-O 23. Qc3 Rfd8 24. Ra1 b4 25. Qc1 Qxa1 26. Bxa1 h6 27. Bxf6
gxf6 28. Rb6 Rxd3 29. Rxb4 Ra2+ 30. Rb2 Rxb2+ 31. Qxb2 Kg7 32. Kf2 Rd5 33. f4 h5
34. h3 Kg6 35. g4 hxg4 36. hxg4 Ra5 37. Kg3 Rd5 38. Kh4 Ra5 39. Qb4 Rd5 40. Qf8
Rd1 41. Qg8+ Kh6 42. g5+ 1-0

[Event "45th Sparkassen Open"]
[Site "Dortmund GER"]
[Date "2017.07.22"]
[Round "8.2"]
[White "Guelsen, Taylan"]
[Black "Henrichs, Thomas"]
[Result "0-1"]
[BlackTitle "IM"]
[WhiteElo "2095"]
[BlackElo "2491"]
[WhiteFideId "24603635"]
[BlackFideId "4626605"]
[EventDate "2017.07.15"]

1. d4 Nf6 2. Bf4 d5 3. e3 c5 4. c3 Nc6 5. Nd2 Bf5 6. Qb3 Qd7 7. Ngf3 c4 8. Qd1
e6 9. b3 Ba3 10. Nh4 Bb2 11. Nxf5 exf5 12. Rb1 Bxc3 13. f3 b5 14. bxc4 bxc4 15.
Be2 O-O 16. O-O Rfe8 17. Qc1 Bxd4 18. Nxc4 dxc4 19. Rd1 Nd5 20. Bxc4 Nxf4 21.
exd4 Qd6 22. Rb7 Nd8 23. Rb5 Rc8 24. Kh1 Ne2 25. Re1 Rxc4 26. Qd2 Rxd4 0-1

[Event "45th Sparkassen Open"]
[Site "Dortmund GER"]
[Date "2017.07.22"]
[Round "8.3"]
[White "Kashlinskaya, Alina"]
[Black "Nalbandian, Tigran"]
[Result "1-0"]
[WhiteTitle "IM"]
[BlackTitle "GM"]
[WhiteElo "2438"]
[BlackElo "2458"]
[WhiteFideId "4198026"]
[BlackFideId "13300245"]
[EventDate "2017.07.15"]

1. d4 Nf6 2. c4 g6 3. Nc3 Bg7 4. e4 d6 5. Nf3 O-O 6. Be2 c5 7. d5 b5 8. cxb5 a6
9. bxa6 Bxa6 10. O-O Nbd7 11. a4 Qb6 12. h3 Rfb8 13. Ra3 Bxe2 14. Qxe2 Qa6 15.
Nb5 Ne8 16. Qc2 Rc8 17. Bg5 Kf8 18. Nd2 Nc7 19. Nxc7 Rxc7 20. Nc4 Ne5 21. Nxe5
Bxe5 22. Rb1 Rb7 23. Bd2 Rab8 24. b3 Kg8 25. Be1 h5 26. h4 Kg7 27. g3 Bd4 28.
Kg2 e6 29. dxe6 fxe6 30. b4 cxb4 31. Rab3 Qxa4 32. Qc4 e5 33. Rxb4 Rxb4 34. Rxb4
Rxb4 35. Bxb4 Bc5 36. Qe6 Bxb4 37. Qe7+ Kg8 38. Qe6+ Kg7 39. Qe7+ Kg8 40. Qe6+
Kf8 41. Qf6+ Ke8 42. Qxg6+ Ke7 43. Qg5+ Kf8 44. Qh6+ Kg8 45. Qg6+ Kf8 46. Qh6+
Ke7 47. Qg5+ Kd7 48. Qxh5 Qa2 49. Qf5+ Qe6 50. Qh7+ Ke8 51. h5 Bd2 52. Qg7 Bh6
53. Qb7 Kf8 54. f3 Kg8 55. Qb8+ Kh7 56. Qa7+ Bg7 57. Qb7 Kh6 58. g4 Bf6 59. Qb8
Kg7 60. Qc7+ Qe7 61. Qc8 Bg5 62. Qf5 Qf6 63. Qd7+ Kh6 64. Qe8 Bf4 65. Qg8 Be3
66. Qb3 Bc1 67. Qc4 Be3 68. Qb3 Bc5 69. Qg8 Bb6 70. Qb3 Bd4 71. Qg8 Bc5 72. Kg3
Qf4+ 73. Kg2 Qf6 74. Kg3 Bb6 75. Kg2 Bd8 76. Kf2 Bb6+ 77. Ke2 1-0

[Event "45th Sparkassen Open"]
[Site "Dortmund GER"]
[Date "2017.07.22"]
[Round "8.4"]
[White "Podzielny, Karl-Heinz"]
[Black "Schleining, Zoya"]
[Result "1/2-1/2"]
[WhiteTitle "IM"]
[BlackTitle "IM"]
[WhiteElo "2395"]
[BlackElo "2369"]
[WhiteFideId "4600215"]
[BlackFideId "4671660"]
[EventDate "2017.07.15"]

1. c4 b6 2. Nf3 Bb7 3. d4 e6 4. Nc3 Bb4 5. Bg5 Nf6 6. Rc1 h6 7. Bh4 g5 8. Bg3
Ne4 9. e3 Bxc3+ 10. bxc3 d6 11. Nd2 Nxg3 12. hxg3 Nd7 13. a4 c5 14. a5 Qe7 15.
e4 f5 16. Bd3 O-O-O 17. Qe2 Qf6 18. Nb3 h5 19. Rb1 Kc7 20. Qe3 f4 21. gxf4 gxf4
22. Qe2 e5 23. d5 Rdg8 24. Qf3 Rg5 25. Bf1 Qg6 26. Nd2 Nf6 27. Qd3 h4 28. Kd1
Bc8 29. Qc2 Rxg2 30. Qb3 Nd7 31. Bxg2 Qxg2 32. Kc2 h3 33. Qb5 Kd8 34. Rbg1 f3
35. Qc6 Ke7 36. Qc7 h2 37. Rxg2 fxg2 38. Rxh2 Rxh2 39. Nf3 Rh8 40. Kb3 bxa5 41.
Qxa5 Rf8 42. Ng1 Rxf2 43. Qc7 Rf8 44. Qc6 Rf1 45. Nh3 Bb7 46. Qa4 Rb1+ 47. Ka2
Rh1 48. Qc2 Rxh3 49. Qxg2 Rh7 50. Qg5+ Nf6 51. Qf5 Rh2+ 52. Kb3 Ne8 53. Qg5+ Kd7
54. Qf5+ Kd8 55. Qg5+ Kc8 56. Qf5+ Kd8 1/2-1/2

[Event "45th Sparkassen Open"]
[Site "Dortmund GER"]
[Date "2017.07.22"]
[Round "8.5"]
[White "Osipiak, Grzegorz"]
[Black "Luft, Dennis"]
[Result "0-1"]
[WhiteElo "2338"]
[BlackElo "2219"]
[WhiteFideId "1109154"]
[BlackFideId "24623717"]
[EventDate "2017.07.15"]

1. e3 d5 2. Nf3 Nf6 3. b3 c5 4. Bb2 a6 5. d4 Nc6 6. h3 Qc7 7. Be2 cxd4 8. Nxd4
e5 9. Nxc6 bxc6 10. O-O Bd6 11. Nd2 e4 12. c4 O-O 13. Rc1 Qe7 14. Qc2 Bb7 15.
Nb1 h5 16. Qc3 h4 17. f4 Ne8 18. Rcd1 Bc5 19. a3 a5 20. Kh1 f5 21. Rg1 Kf7 22.
Bh5+ g6 23. Be2 Rd8 24. cxd5 cxd5 25. Bb5 Nf6 26. Rge1 Bb6 27. b4 axb4 28. axb4
Nh5 29. Bc6 Bxc6 30. Qxc6 Rd6 31. Qb5 Qd7 32. Nc3 d4 33. exd4 Qxb5 34. Nxb5 Rd5
35. Nc3 Rxd4 36. Ra1 Rc8 37. Nb5 Rd5 38. Na7 Rc2 39. Bc1 Bf2 40. Be3 Bxe1 41.
Rxe1 Rd3 42. Kg1 Ng3 43. Bf2 Rdd2 44. Bxg3 Rxg2+ 45. Kh1 hxg3 46. b5 Rge2 47.
Rd1 Red2 48. Re1 e3 49. Nc6 Rh2+ 50. Kg1 Rcg2+ 51. Kf1 0-1

[Event "45th Sparkassen Open"]
[Site "Dortmund GER"]
[Date "2017.07.22"]
[Round "8.6"]
[White "Bomans, Arno"]
[Black "Heider, Martin"]
[Result "1/2-1/2"]
[WhiteTitle "FM"]
[WhiteElo "2250"]
[BlackElo "2356"]
[WhiteFideId "206024"]
[BlackFideId "24668389"]
[EventDate "2017.07.15"]

1. e4 c6 2. d4 d5 3. Nd2 dxe4 4. Nxe4 Bf5 5. Ng3 Bg6 6. N1e2 e6 7. Nf4 Qc7 8.
Bc4 Nf6 9. O-O Bd6 10. Qf3 O-O 11. Nxg6 hxg6 12. Re1 c5 13. dxc5 Bxc5 14. Ne4
Be7 15. Bb3 Nc6 16. c3 Rad8 17. Bf4 Qa5 18. Nxf6+ Bxf6 19. Qg3 Qf5 20. Re2 Rd7
21. Rae1 Na5 22. Bc2 Qh5 23. h3 Nc4 24. Bb3 b5 25. Bxc4 bxc4 26. Be5 Qf5 27.
Bxf6 gxf6 28. Re4 Rc8 29. Rf4 Qg5 30. Rg4 Qd2 31. Rxe6 Kg7 32. Ree4 Qxb2 33.
Rxc4 Rxc4 34. Rxc4 Qxa2 35. Rc8 Qe6 36. Qb8 Rd1+ 37. Kh2 Qe5+ 38. f4 Qxb8 39.
Rxb8 a5 40. Ra8 Rc1 41. Rxa5 Rxc3 1/2-1/2

[Event "45th Sparkassen Open"]
[Site "Dortmund GER"]
[Date "2017.07.22"]
[Round "8.8"]
[White "Van Cappellen, Jonas"]
[Black "Wiebe, Patrick"]
[Result "0-1"]
[WhiteElo "2141"]
[BlackElo "2229"]
[WhiteFideId "263796"]
[BlackFideId "4684079"]
[EventDate "2017.07.15"]

1. d4 d5 2. c4 c6 3. Nc3 Nf6 4. Nf3 e6 5. e3 Nbd7 6. Qc2 Bd6 7. Bd3 O-O 8. O-O
dxc4 9. Bxc4 e5 10. h3 Qe7 11. Rd1 h6 12. a3 e4 13. Nd2 Nb6 14. Bf1 Bf5 15. b4
Rac8 16. Bb2 Nbd5 17. Nc4 Bb8 18. Qb3 Nxc3 19. Bxc3 Nd5 20. Be1 Qg5 21. Kh1 Be6
22. Qb2 Qe7 23. Rac1 a6 24. a4 Qc7 25. g3 Qd7 26. Kh2 h5 27. Ne5 Qe8 28. Qe2 f6
29. Nc4 h4 30. Kh1 hxg3 31. fxg3 Qg6 32. Kh2 Kf7 33. Qf2 Qh5 34. Nd2 Rh8 35.
Nxe4 Bxh3 36. Ng5+ Qxg5 37. Bxh3 Nxe3 38. Qa2+ Kg6 0-1

[Event "45th Sparkassen Open"]
[Site "Dortmund GER"]
[Date "2017.07.22"]
[Round "8.9"]
[White "Happe, Ulrich"]
[Black "Boehm, Juergen2"]
[Result "1/2-1/2"]
[WhiteElo "2064"]
[BlackElo "2217"]
[WhiteFideId "24683175"]
[BlackFideId "4606434"]
[EventDate "2017.07.15"]

1. e4 e6 2. d4 d5 3. exd5 exd5 4. Bd3 Nc6 5. c3 Bd6 6. Qf3 Nge7 7. Ne2 Be6 8.
Bf4 Qd7 9. Bxd6 Qxd6 10. Na3 Qd7 11. O-O-O Bf5 12. Rhe1 Bxd3 1/2-1/2

[Event "45th Sparkassen Open"]
[Site "Dortmund GER"]
[Date "2017.07.22"]
[Round "8.10"]
[White "Wuebker, Paul-Luca"]
[Black "Zill, Christoph"]
[Result "0-1"]
[BlackTitle "FM"]
[WhiteElo "2042"]
[BlackElo "2213"]
[WhiteFideId "12939528"]
[BlackFideId "4688856"]
[EventDate "2017.07.15"]

1. d4 e6 2. c4 Bb4+ 3. Nd2 Nf6 4. a3 Bxd2+ 5. Qxd2 d6 6. Nf3 O-O 7. g3 b6 8. Bg2
Bb7 9. O-O Nbd7 10. Qc2 Be4 11. Qc3 Qe7 12. b4 h6 13. Rd1 c6 14. Bf1 Bh7 15. Nd2
d5 16. f3 Rac8 17. Nb3 c5 18. dxc5 bxc5 19. b5 d4 20. Qb2 Nb6 21. Na5 e5 22. Qb3
Qe6 23. e4 Ne8 24. a4 f5 25. exf5 Bxf5 26. Nc6 Rxc6 27. bxc6 Qxc6 28. Bg2 Nd6
29. Re1 Re8 30. Bf1 Kh8 31. a5 Nd7 32. Bg2 Rb8 33. Qa4 Qc7 34. Bd2 Rb2 35. Re2
Bc2 36. Qa3 Nxc4 37. Qxb2 Nxb2 38. Ra2 Bd3 39. Re1 Nc4 40. Bc1 Nxa5 41. f4 e4
42. Bxe4 Bxe4 43. Rxe4 Nf6 44. Re5 Nb3 45. Ba3 d3 0-1

[Event "45th Sparkassen Open"]
[Site "Dortmund GER"]
[Date "2017.07.22"]
[Round "8.11"]
[White "Wagner, Alexej"]
[Black "Ramien, David"]
[Result "1/2-1/2"]
[WhiteElo "2277"]
[BlackElo "2070"]
[WhiteFideId "4129555"]
[BlackFideId "12948241"]
[EventDate "2017.07.15"]

1. d4 Nf6 2. c4 g6 3. Nc3 Bg7 4. e4 d6 5. Nf3 O-O 6. Be2 e5 7. d5 a5 8. O-O Na6
9. Bg5 h6 10. Bh4 Qe8 11. Nd2 Nh7 12. a3 h5 13. f3 Bd7 14. b3 Bh6 15. Bf2 Qe7
16. Qc2 h4 17. Rfd1 Bf4 18. Bf1 Qg5 19. Ne2 Be3 20. Qc3 Bxf2+ 21. Kxf2 f5 22. h3
Nf6 23. Qe3 Qh5 24. Nc3 Rf7 25. b4 axb4 26. axb4 Raf8 27. Rab1 fxe4 28. Ncxe4
Nxe4+ 29. Nxe4 Rf4 30. Be2 Bf5 31. Kg1 Bxe4 32. fxe4 Qg5 33. Kh2 Qg3+ 34. Qxg3
hxg3+ 35. Kxg3 Rxe4 36. Bf1 Re3+ 37. Kh2 Rf4 38. Rd2 Nxb4 39. Rxb4 Rxf1 40. Rxb7
Rf7 41. Rc2 Rd3 42. Ra7 e4 43. Ra8+ Rf8 44. Ra1 Re8 45. Rf1 e3 46. Re1 Rd4 47.
Rc3 e2 48. Rc2 Rde4 49. Kg3 g5 50. Rc3 Rf4 51. Rc2 Rfe4 52. c5 R8e5 53. cxd6
cxd6 54. Rd2 Kg7 1/2-1/2

[Event "45th Sparkassen Open"]
[Site "Dortmund GER"]
[Date "2017.07.22"]
[Round "8.12"]
[White "Hiller, Simon"]
[Black "Wilke, Werner"]
[Result "1-0"]
[WhiteElo "2165"]
[BlackElo "2225"]
[WhiteFideId "24641308"]
[BlackFideId "1600826"]
[EventDate "2017.07.15"]

1. Nf3 c5 2. c4 Nc6 3. d4 cxd4 4. Nxd4 Nf6 5. g3 e5 6. Nb5 Bb4+ 7. N1c3 O-O 8.
a3 Be7 9. Nd5 Nxd5 10. cxd5 Qa5+ 11. Nc3 Nd4 12. e3 Nf5 13. e4 Nd6 14. Bd3 f5
15. O-O g6 16. b4 Qd8 17. Qb3 Bf6 18. Be3 b6 19. f4 fxe4 20. Nxe4 exf4 21. Bxf4
Bxa1 22. Rxa1 Rxf4 23. gxf4 Nxe4 24. d6+ Kg7 25. Bxe4 Qf6 26. Re1 Rb8 27. Qd3 h5
28. Bg2 Bb7 29. Bxb7 Rxb7 30. Qd5 Rb8 31. Re7+ Kh6 32. Qe5 Rf8 33. h4 Qxe5 34.
fxe5 Rf5 35. Rxd7 Rxe5 36. Rxa7 Rd5 37. d7 g5 38. Rb7 gxh4 39. Rxb6+ Kg5 40. Rb5 1-0

[Event "45th Sparkassen Open"]
[Site "Dortmund GER"]
[Date "2017.07.22"]
[Round "8.13"]
[White "Lehmann, Holger"]
[Black "Sandten, Ulrich"]
[Result "1-0"]
[WhiteElo "2188"]
[BlackElo "2064"]
[WhiteFideId "4620275"]
[BlackFideId "4644930"]
[EventDate "2017.07.15"]

1. c4 e5 2. g3 d6 3. Bg2 Be7 4. Nc3 f5 5. Rb1 Nf6 6. Nf3 O-O 7. O-O Qe8 8. d4 e4
9. Ng5 h6 10. Nh3 c6 11. f3 exf3 12. exf3 Qf7 13. b3 Na6 14. Re1 Bd7 15. a3 Rfe8
16. Qd3 Bf8 17. Bd2 Nc7 18. Rxe8 Rxe8 19. Re1 Rxe1+ 20. Bxe1 g6 21. Bd2 Bg7 22.
Nf4 g5 23. Nfe2 d5 24. c5 Qe6 25. a4 Be8 26. Nd1 Bg6 27. Bh3 Qe8 28. Qe3 Ne6 29.
Nf2 Qf7 30. Nd3 Nd7 31. b4 Qf6 32. Bc3 a6 33. Ne5 Nxe5 34. dxe5 Qf7 35. f4 Bf8
36. Nd4 g4 37. Bf1 Nxd4 38. Bxd4 Qe6 39. b5 axb5 40. axb5 Be8 41. b6 Bd7 42. Qa3
Bc8 43. Qa8 Kf7 44. Bd3 Be7 45. Kf2 h5 46. Ke3 h4 47. Qb8 Qd7 48. Kd2 Ke6 49.
Kc3 h3 50. Qa8 Bf8 51. Qa4 Qf7 52. Qa8 Qd7 53. Qb8 Be7 54. Kd2 Bf8 55. Qa8 Be7
56. Qb8 Bf8 57. Qa7 Qf7 58. Ke2 Qh7 59. Qa8 Qd7 60. Qa2 Qf7 61. Kf2 Qh7 62. Qb1
Qf7 63. Be2 Be7 64. Qd1 Bf8 65. Qb1 Be7 66. Qd1 Bf8 67. Bxg4 fxg4 68. Qxg4+ Qf5
69. Qxf5+ Kxf5 70. Kf3 Bh6 71. g4+ Kg6 72. Be3 Bf8 73. Kg3 Bf5 74. Kxh3 Bh6 75.
Kg3 Be4 76. h4 Bg7 77. h5+ Kf7 78. Bd4 Bf8 79. f5 Bh6 80. Kh4 Bf4 81. e6+ Ke7
82. Bg7 Be3 83. h6 Bxh6 84. Bxh6 d4 85. Bg5+ Kf8 86. Kg3 d3 87. Bd2 Ke7 88. Kf4
Bg2 89. Ke5 Bh3 90. f6+ Kf8 91. Bh6+ 1-0

[Event "45th Sparkassen Open"]
[Site "Dortmund GER"]
[Date "2017.07.22"]
[Round "8.14"]
[White "Koellner, Ruben Gideon"]
[Black "Goossens, Hanne"]
[Result "1/2-1/2"]
[BlackTitle "WFM"]
[WhiteElo "2078"]
[BlackElo "2175"]
[WhiteFideId "12993093"]
[BlackFideId "200468"]
[EventDate "2017.07.15"]

1. d4 f5 2. Bg5 h6 3. Bh4 g5 4. Bg3 Bg7 5. e3 d6 6. Nc3 Nc6 7. Bc4 Nf6 8. h4 g4
9. Nge2 Nh5 10. Bh2 e6 11. d5 Na5 12. Bb5+ Bd7 13. dxe6 Bxb5 14. Nxb5 a6 15.
Nbd4 O-O 16. Bf4 Qe7 17. c3 Nc6 18. Qb3 Ne5 19. Bxe5 dxe5 20. Nc2 Rfd8 21. O-O
c5 22. Ng3 Nxg3 23. fxg3 b5 24. Rxf5 c4 25. Qb4 Qxe6 26. Rf2 Bf8 27. Qa5 Be7 28.
b3 Rac8 29. Nb4 cxb3 30. axb3 Rxc3 31. Nd5 Rc6 32. Nxe7+ Qxe7 33. Raf1 Rdc8 34.
Qa2 Qe6 35. Qa3 Qd6 36. Qb2 Qe6 37. Qa3 Qd6 38. Qb2 Qe6 39. Qb1 Qg6 40. Qb2 1/2-1/2

[Event "45th Sparkassen Open"]
[Site "Dortmund GER"]
[Date "2017.07.22"]
[Round "8.15"]
[White "Heinert, Eugen"]
[Black "Runte, Moritz"]
[Result "1-0"]
[WhiteElo "2168"]
[BlackElo "1862"]
[WhiteFideId "24621390"]
[BlackFideId "12991449"]
[EventDate "2017.07.15"]

1. c4 e6 2. g3 d5 3. Nf3 Nf6 4. Bg2 Be7 5. O-O O-O 6. b3 c5 7. cxd5 Nxd5 8. Bb2
b6 9. d4 Bb7 10. dxc5 Bxc5 11. a3 Be7 12. Nbd2 Nd7 13. Rc1 Rc8 14. Nc4 Bf6 15.
Nd4 Ne5 16. Nxe6 fxe6 17. Nxe5 Rxc1 18. Qxc1 Qa8 19. Bh3 Qe8 20. Qd2 Kh8 21. Nc4
Bxb2 22. Qxb2 Qg6 23. e3 b5 24. Nd6 Ba8 25. Qe5 Rd8 26. Bg2 h5 27. Be4 Nc3 28.
Bxa8 Ne2+ 29. Kg2 Rxa8 30. Re1 1-0

[Event "45th Sparkassen Open"]
[Site "Dortmund GER"]
[Date "2017.07.22"]
[Round "8.16"]
[White "Mittelbachert, Ulrich"]
[Black "Kartsev, Soel"]
[Result "0-1"]
[WhiteElo "1978"]
[BlackElo "2220"]
[WhiteFideId "4634470"]
[BlackFideId "4130561"]
[EventDate "2017.07.15"]

1. b4 d5 2. Nf3 Qd6 3. b5 e5 4. Bb2 Nd7 5. e3 Ngf6 6. Be2 h6 7. O-O Be7 8. c4 c6
9. a4 O-O 10. d3 c5 11. cxd5 Nxd5 12. Nbd2 f6 13. Qb3 Kh7 14. Nc4 Qe6 15. a5 g5
16. e4 Nf4 17. Qc2 Rg8 18. Rfe1 Nf8 19. Ne3 Bd7 20. Qc4 N8g6 21. Bf1 g4 22. Nd2
h5 23. g3 Nh3+ 24. Bxh3 gxh3 25. Kf1 Rad8 26. Rad1 Bf8 27. Nf5 Ne7 28. Qxe6 Bxe6
29. Nxe7 Bxe7 30. Ke2 h4 31. Rg1 hxg3 32. Rxg3 Rxg3 33. hxg3 Bg4+ 34. f3 Bd7 35.
Rh1 Bxb5 36. Rxh3+ Kg6 37. Nc4 b6 38. Bc3 Ba6 39. axb6 axb6 40. f4 b5 41. Ba5
bxc4 42. Bxd8 cxd3+ 43. Kd1 Bxd8 44. Rh8 Be7 45. fxe5 fxe5 46. Ra8 Bc4 47. Ra7
Bg5 48. Rc7 Bb3+ 0-1

[Event "45th Sparkassen Open"]
[Site "Dortmund GER"]
[Date "2017.07.22"]
[Round "8.17"]
[White "Groneberg, Joerg"]
[Black "Gijsen, Stief"]
[Result "0-1"]
[WhiteElo "1973"]
[BlackElo "2194"]
[WhiteFideId "12941638"]
[BlackFideId "207535"]
[EventDate "2017.07.15"]

1. d4 Nf6 2. Nf3 c5 3. c4 g6 4. g3 Bg7 5. Bg2 O-O 6. Nc3 cxd4 7. Nxd4 Qc7 8. Nd5
Nxd5 9. cxd5 Qb6 10. Nb3 d6 11. O-O Qa6 12. Re1 Nd7 13. e4 Ne5 14. Be3 Qd3 15.
Nd2 Qa6 16. Bd4 Bg4 17. f3 Bd7 18. Qb3 Rfc8 19. Bf1 Qa5 20. Be3 b5 21. Rac1 Rab8
22. a3 Nc4 23. Bxc4 bxc4 24. Qd1 Ba4 25. b4 cxb3 26. Rxc8+ Rxc8 27. Nxb3 Bxb3 0-1

[Event "45th Sparkassen Open"]
[Site "Dortmund GER"]
[Date "2017.07.22"]
[Round "8.18"]
[White "Stevens, Titus"]
[Black "Buechle, Manfred"]
[Result "0-1"]
[WhiteElo "1841"]
[BlackElo "2118"]
[WhiteFideId "16214331"]
[BlackFideId "4659368"]
[EventDate "2017.07.15"]

1. d4 d5 2. c4 e6 3. Nf3 Nf6 4. g3 Be7 5. Bg2 O-O 6. O-O c6 7. Qc2 Nbd7 8. Nbd2
Re8 9. Rd1 Qc7 10. e4 dxe4 11. Nxe4 Nxe4 12. Qxe4 Nf6 13. Qe2 h6 14. Bf4 Bd6 15.
Ne5 Nd7 16. c5 Bxe5 17. Bxe5 Qd8 18. Bd6 Nf6 19. b4 a6 20. a4 Nd5 21. b5 axb5
22. axb5 Rxa1 23. Rxa1 Nc3 24. Qe5 Nxb5 25. Ra8 f6 26. Qf4 g5 27. Qe4 Kg7 28.
Bf3 Nxd6 29. cxd6 Qxd6 30. Bh5 f5 31. Qe3 Rf8 32. f4 gxf4 33. gxf4 Kh7 34. Kf1
Qc7 35. Ra2 Rg8 36. Bf3 Qg7 37. Ra7 Qc7 38. Ra2 Rg7 39. Ra8 b5 40. Qc1 Bb7 41.
Ra2 Qd6 42. Qe3 Bc8 43. Rc2 Rc7 44. Rg2 c5 45. dxc5 Qxc5 46. Qxc5 Rxc5 47. Rb2
Bd7 48. Kf2 Kg7 49. Ke3 Kf6 50. Be2 e5 51. fxe5+ Kxe5 52. Rb4 Kd6 53. Rh4 Be6
54. Rxh6 b4 55. Rh4 Re5+ 56. Kd2 Re4 57. Rh8 Ke5 58. Rb8 Rh4 59. h3 b3 60. Bf1
Rd4+ 61. Kc3 Rf4 62. Be2 Rf2 63. Bd1 f4 64. Rb5+ Kf6 65. h4 Rf1 66. Be2 Rh1 67.
h5 f3 68. Bd3 f2 69. h6 f1=Q 70. Bxf1 Rxf1 71. Rh5 Rf3+ 72. Kb2 Rf2+ 73. Kc3
Rc2+ 74. Kd4 Rc8 75. h7 Rh8 76. Rh6+ Kf5 77. Rh2 Kg6 78. Ke5 Rxh7 79. Rf2 Bg8
80. Rg2+ Kf7 81. Rf2+ Ke7 82. Rg2 Rh5+ 83. Kd4 Be6 84. Kc3 Kd6 85. Rf2 Kc5 86.
Kb2 Kb4 87. Rf8 Rh2+ 88. Kb1 Kc3 89. Rf3+ Kb4 90. Rf8 Bc4 91. Rb8+ Kc3 0-1

[Event "45th Sparkassen Open"]
[Site "Dortmund GER"]
[Date "2017.07.22"]
[Round "8.19"]
[White "Gramb, Marius"]
[Black "Dannehr, Juergen"]
[Result "1/2-1/2"]
[WhiteElo "2110"]
[BlackElo "1845"]
[WhiteFideId "24656593"]
[BlackFideId "16211758"]
[EventDate "2017.07.15"]

1. Nf3 Nf6 2. c4 e6 3. g3 c5 4. Bg2 Nc6 5. O-O Be7 6. d4 cxd4 7. Nxd4 O-O 8. e4
d5 9. Nxc6 bxc6 10. e5 Nd7 11. Re1 Rb8 12. Qc2 Qb6 13. Nc3 Ba6 14. cxd5 cxd5 15.
Na4 Qb7 16. Bd2 Rfc8 17. Qd1 Nc5 18. Nxc5 Bxc5 19. b3 Qb6 20. Qf3 Bb7 21. h4 d4
22. Qg4 Bxg2 23. Kxg2 Bf8 24. h5 Rc2 25. Bh6 d3 26. Rf1 Kh8 27. Bf4 1/2-1/2

[Event "45th Sparkassen Open"]
[Site "Dortmund GER"]
[Date "2017.07.22"]
[Round "8.20"]
[White "Delere, Adrian"]
[Black "Althoff, Ralph"]
[Result "1-0"]
[WhiteElo "1805"]
[BlackElo "2071"]
[WhiteFideId "12990400"]
[BlackFideId "4623177"]
[EventDate "2017.07.15"]

1. e4 c5 2. Nf3 e6 3. d4 cxd4 4. Nxd4 a6 5. c4 Nf6 6. Nc3 Bb4 7. Qd3 Nc6 8. f3
d5 9. cxd5 exd5 10. exd5 Qxd5 11. Qe3+ Kd7 12. Nxc6 bxc6 13. Bd2 Qd6 14. O-O-O
Kc7 15. Qg5 Qf8 16. Bf4+ Kb7 17. Bc4 Bxc3 18. Bd6 Bxb2+ 19. Kxb2 Qe8 20. Ka1 Be6
21. Bxe6 fxe6 22. Qxg7+ Nd7 23. Bg3 Rd8 24. Bh4 Rg8 25. Qb2+ Kc7 26. Bxd8+ Qxd8
27. Rhe1 Qg5 28. Rxe6 Rb8 29. Qc3 Rb6 30. Rc1 Qd5 31. Re2 Rb5 32. Rd2 Qe6 33.
Rcd1 Nc5 34. Qg7+ Kb6 35. Rb2 Na4 36. Qd4+ Ka5 37. Qd2+ Kb6 38. Qd4+ Nc5 39.
Rxb5+ axb5 40. Rc1 Qf5 41. g4 Qf8 42. f4 1-0

[Event "45th Sparkassen Open"]
[Site "Dortmund GER"]
[Date "2017.07.22"]
[Round "8.21"]
[White "Finke, Dominik"]
[Black "Boesel, Alexander"]
[Result "1-0"]
[WhiteElo "1987"]
[BlackElo "1963"]
[WhiteFideId "16202511"]
[BlackFideId "4623185"]
[EventDate "2017.07.15"]

1. e4 c5 2. Nf3 d6 3. d4 cxd4 4. Nxd4 Nf6 5. Nc3 a6 6. Bg5 Nbd7 7. Qe2 h6 8. Bh4
g6 9. f4 Qa5 10. O-O-O Bg7 11. g4 O-O 12. Rg1 Re8 13. g5 hxg5 14. Bxg5 b5 15. e5
b4 16. exf6 Nxf6 17. Ne4 Bb7 18. Nd2 Qxa2 19. Qc4 Qa1+ 20. Nb1 a5 21. Bxf6 exf6
22. Rxg6 d5 23. Rxg7+ Kxg7 24. Qb3 Bc8 25. Qg3+ Kf8 26. Bb5 Re4 27. f5 Re5 28.
Rg1 Bb7 29. Nf3 a4 30. Nxe5 a3 31. Ng6+ 1-0

[Event "45th Sparkassen Open"]
[Site "Dortmund GER"]
[Date "2017.07.22"]
[Round "8.22"]
[White "Steinle, Carsten"]
[Black "Kasueschke, Lars"]
[Result "1-0"]
[WhiteElo "2237"]
[BlackElo "1916"]
[WhiteFideId "24676462"]
[BlackFideId "12939510"]
[EventDate "2017.07.15"]

1. d4 Nf6 2. Nf3 d5 3. Bf4 c5 4. c3 Nc6 5. e3 Bf5 6. Qb3 Qb6 7. dxc5 Qxb3 8.
axb3 Nh5 9. Bb5 Nxf4 10. exf4 Bd7 11. b4 g6 12. O-O Bh6 13. g3 O-O 14. Re1 e6
15. Nbd2 a6 16. Bxc6 Bxc6 17. Nd4 Bd7 18. N2f3 Rfc8 19. Ne5 Be8 20. Ra5 Bf8 21.
Rea1 Rab8 22. h4 Bg7 23. Re1 Bf6 24. Kg2 Bd8 25. Ra3 Ra8 26. Rh1 b6 27. c6 f6
28. Nd7 Kf7 29. Re1 Bxd7 30. cxd7 Rc7 31. Rxe6 Rxd7 32. Re1 a5 33. f5 gxf5 34.
Nxf5 Rb8 35. b5 Be7 36. Ra4 Bc5 37. Rg4 Bf8 38. h5 Re8 39. Rd1 Re5 40. Rf4 Bc5
41. Kf1 Rd8 42. g4 Kf8 43. Rd3 Rde8 44. Ng3 R8e6 45. Kg2 Kg7 46. Rd2 Kf7 47. Rf3
Rg5 48. Kh3 Rge5 49. Rfd3 Rd6 50. f4 Re1 51. Rxd5 Rxd5 52. Rxd5 Rb1 53. Ne4 Rxb2
54. Nxc5 Rxb5 55. Rd7+ Kf8 56. Rd6 Rxc5 57. Rxb6 Rxc3+ 58. Kh4 Kf7 59. Rb7+ Kg8
60. Ra7 Rc4 61. Kg3 a4 62. Kf3 Rb4 63. h6 Rc4 64. Rg7+ Kh8 65. Rf7 Kg8 66. Rxf6
a3 67. Ra6 Rc3+ 68. Ke4 Kf7 69. g5 Rb3 70. Ra7+ Kg8 71. f5 Kf8 72. g6 hxg6 73.
fxg6 a2 74. g7+ Kg8 75. Ra8+ 1-0

[Event "45th Sparkassen Open"]
[Site "Dortmund GER"]
[Date "2017.07.22"]
[Round "8.23"]
[White "Klueting, Reiner"]
[Black "Koellner, Christof"]
[Result "0-1"]
[WhiteElo "1907"]
[BlackElo "2131"]
[WhiteFideId "4644760"]
[BlackFideId "4635787"]
[EventDate "2017.07.15"]

1. e4 c5 2. Nf3 e6 3. b3 b6 4. Bb2 Bb7 5. Qe2 Nc6 6. g3 Nh6 7. Bg2 f6 8. d3 Nf7
9. a3 Qc7 10. Nbd2 Be7 11. h4 O-O-O 12. O-O-O Kb8 13. Kb1 d5 14. Bh3 dxe4 15.
Nxe4 e5 16. Rhe1 Nd6 17. Nxd6 Bxd6 18. Bf5 Nd4 19. Nxd4 cxd4 20. Be4 Rc8 21. Rd2
b5 22. Qf3 Bxe4 23. dxe4 Qa5 24. Qe2 Rc6 25. b4 Qa4 26. Rd3 Rhc8 27. Rc1 a5 28.
bxa5 b4 29. axb4 Bxb4 30. Rb3 Ka7 31. Qg4 R8c7 32. Qh5 Ra6 33. Qd1 Rxa5 34.
Bxd4+ 0-1